[Event "Kaltern Trophy-B 2nd"]
[Site "Kaltern"]
[Date "2017.10.27"]
[Round "1"]
[White "Perino, Alberto"]
[Black "Pfeifhofer, Helmut"]
[Result "1-0"]
[WhiteElo "1880"]
[BlackElo "1600"]
[PlyCount "93"]
[EventDate "2017.10.27"]
[EventType "swiss"]
[EventRounds "5"]
[EventCountry "ITA"]
[SourceTitle "CBM 181 Extra"]
[Source "ChessBase"]
[SourceDate "2017.12.12"]
[SourceVersion "1"]
[SourceVersionDate "2017.12.12"]
[SourceQuality "1"]

1. h4 h5 2. e4 d5 3. Nc3 d4 4. Nce2 Bg4 5. d3 g6 6. Bf4 f6 7. Bd2 e5 8. f3 Be6 9. f4 Bg4 10. Nh3 Bd6 11. fxe5 Bxe5 12. Bf4 Qd6 13. Qd2 Nd7 14. 0-0-0 Qa6 15. Kb1 Be6 16. Nc1 Ne7 17. Nb3 Qa4 18. Bxe5 Nxe5 19. Qf2 Ng4 20. Qf4 0-0-0 21. Be2 Rd6 22. Bxg4 hxg4 23. Qxf6 Bxb3 24. Qxh8+ Bg8 25. b3 Qa3 26. Nf4 Ra6 27. Nd5 Qxa2+ 28. Kc1 Kd8 29. Rhf1 Kd7 30. Qxd4 Bxd5 31. exd5 Rd6 32. Rde1 Nxd5 33. Rf7+ Kc6 34. Re5 Qa3+ 35. Kb1 Qa5 36. Qc4+ Kb6 37. Kb2 c6 38. c3 Qb5 39. Qd4+ Ka6 40. Qc4 Qxc4 41. dxc4 Nb6 42. Ka3 Rd1 43. Kb4 Ra1 44. Ree7 Nc8 45. Rxb7 c5+ 46. Kxc5 Ra5+ 47. Kb4 1-0

[Event "Caldaro Puntay op-B 1st"]
[Site "Caldaro"]
[Date "2016.10.23"]
[Round "4"]
[White "Gasparro, Antonio"]
[Black "Pfeifhofer, Helmut"]
[Result "1/2-1/2"]
[WhiteElo "1726"]
[BlackElo "1631"]
[PlyCount "81"]
[EventDate "2016.10.21"]
[EventType "swiss"]
[EventRounds "5"]
[EventCountry "ITA"]
[SourceTitle "EXT 2018"]
[Source "ChessBase"]
[SourceDate "2017.10.13"]
[SourceVersion "1"]
[SourceVersionDate "2017.10.13"]
[SourceQuality "1"]

1. Nf3 Nf6 2. c4 g6 3. g3 Bg7 4. Bg2 c6 5. Nc3 0-0 6. e3 d6 7. d4 Bf5 8. 0-0 Qc8 9. Re1 Ne4 10. Nd2 Bg4 11. f3 Nxc3 12. bxc3 Bh3 13. Bh1 h5 14. Ne4 f6 15. Nf2 Be6 16. Qd3 Bf7 17. e4 Nd7 18. Bg2 Nb6 19. d5 cxd5 20. cxd5 Qc4 21. Qxc4 Nxc4 22. Bf1 Rac8 23. Bxc4 Rxc4 24. Bd2 f5 25. Rec1 fxe4 26. fxe4 Rfc8 27. Rab1 b6 28. Rb3 e6 29. dxe6 Bxe6 30. Ra3 a5 31. Bf4 R8c6 32. Be3 d5 33. exd5 Bxd5 34. Rb3 Ra4 35. Rxb6 Rxb6 36. Bxb6 Rxa2 37. c4 Bb2 38. Rb1 Bxc4 39. Bxa5 Bd4 40. Be1 Re2 41. Rc1 1/2-1/2

[Event "Caldaro Puntay op-B 1st"]
[Site "Caldaro"]
[Date "2016.10.22"]
[Round "2"]
[White "Pfeifhofer, Helmut"]
[Black "Unterkofler, Alex"]
[Result "1/2-1/2"]
[WhiteElo "1631"]
[BlackElo "1770"]
[PlyCount "45"]
[EventDate "2016.10.21"]
[EventType "swiss"]
[EventRounds "5"]
[EventCountry "ITA"]
[SourceTitle "EXT 2018"]
[Source "ChessBase"]
[SourceDate "2017.10.13"]
[SourceVersion "1"]
[SourceVersionDate "2017.10.13"]
[SourceQuality "1"]

1. e4 c5 2. Nf3 d6 3. d4 cxd4 4. Nxd4 Nf6 5. Nc3 a6 6. Be2 g6 7. Be3 Bg7 8. g4 Nc6 9. g5 Ng4 10. Bxg4 Bxg4 11. Nxc6 Bxc3+ 12. bxc3 Bxd1 13. Nxd8 Bf3 14. Nxf7 Kxf7 15. 0-0 Rac8 16. Rfe1 e5 17. Bd2 Rc4 18. Rab1 b5 19. Rb4 Rhc8 20. Re3 Bg4 21. Rxc4 Rxc4 22. f3 Be6 23. a3 1/2-1/2